| 000 | 00401nam a22001457a 4500 | ||
|---|---|---|---|
| 005 | 20250721152858.0 | ||
| 008 | 250721b |||||||| |||| 00| 0 eng d | ||
| 020 | _a9780943575131 | ||
| 050 |
_aBS2785 _b.3 DAV |
||
| 100 | _aDAVIDS PETER H. | ||
| 245 | _aNEW INTERNATIONAL BIBLICAL COMMENTARY JAMES | ||
| 260 |
_aMASSACHUSETTS _bHENDRICKSON PUBLISHERS _cc1989 |
||
| 300 | _axv, 172p | ||
| 942 |
_2lcc _cBK _n0 |
||
| 999 |
_c7067 _d7067 |
||